000 00323nam a2200133 i 4500
001 bg
100 1 _aKRAWCZYK, Marian.
245 0 _aMetrologia i kontrola jakości.
_nCz.1 /
_cMarian Krawczyk.
260 _aRzeszów,
_c1980.
040 _cBPK
041 _apol
942 _cKS
008 s pl f |000 0 pol
999 _c19601
_d19601
856 _uhttp://koha.tu.koszalin.pl/cgi-bin/koha/opac-detail.pl?biblionumber=19601
_yKatalog online BPK